[Event "PRO League Stage"]
[Site "Chess.com INT"]
[Date "2019.01.08"]
[Round "1"]
[White "Holt, Conrad"]
[Black "Matheson, Laurence"]
[Result "1-0"]
[WhiteElo "2548"]
[BlackElo "2253"]
[PlyCount "99"]
[EventDate "2019.01.08"]
[EventType "team-swiss (rapid)"]
[EventRounds "10"]
[EventCountry "USA"]
[SourceTitle "CBM 188 Extra"]
[Source "ChessBase"]
[SourceDate "2019.02.28"]
[SourceVersion "1"]
[SourceVersionDate "2019.02.28"]
[SourceQuality "1"]
[WhiteTeam "Dallas Destiny"]
[BlackTeam "Australia Kangaroos"]
[WhiteTeamCountry "USA"]
[BlackTeamCountry "AUS"]

1. d4 Nf6 2. c4 c5 3. d5 e6 4. Nc3 exd5 5. cxd5 d6 6. e4 g6 7. h3 Bg7 8. Nf3 a6 9. a4 Nbd7 10. Bd3 Nh5 11. 0-0 Ne5 12. Be2 Nxf3+ 13. Bxf3 Qh4 14. Ra3 Be5 15. Re1 Nf4 16. a5 Bd7 17. Na4 Nxh3+ 18. gxh3 Qxh3 19. Bg2 Qh2+ 20. Kf1 Bb5+ 21. Re2 Qh4 22. Nb6 Rd8 23. Rh3 Qf6 24. Kg1 Bxe2 25. Qxe2 0-0 26. Qg4 Qe7 27. Bg5 f6 28. Bh6 Rf7 29. Nc4 Bd4 30. Rf3 Re8 31. Bh3 Qxe4 32. Qxe4 Rxe4 33. Nxd6 Re1+ 34. Kg2 Rfe7 35. Bd2 R1e2 36. Nc4 f5 37. Kf1 R2e4 38. d6 Rd7 39. Rd3 Kf7 40. Bg2 Rh4 41. Bd5+ Kf6 42. b4 cxb4 43. Bxb4 Be5 44. Re3 Rxc4 45. Bxc4 f4 46. Re4 Kf5 47. Bd3 Kf6 48. Bc4 Kf5 49. f3 h5 50. Bc3 1-0

[Event "PRO League Stage"]
[Site "Chess.com INT"]
[Date "2019.01.08"]
[Round "1"]
[White "Zhu, Jiner"]
[Black "Matheson, Laurence"]
[Result "1/2-1/2"]
[WhiteElo "2424"]
[BlackElo "2253"]
[PlyCount "107"]
[EventDate "2019.01.08"]
[EventType "team-swiss (rapid)"]
[EventRounds "10"]
[EventCountry "USA"]
[SourceTitle "CBM 188 Extra"]
[Source "ChessBase"]
[SourceDate "2019.02.28"]
[SourceVersion "1"]
[SourceVersionDate "2019.02.28"]
[SourceQuality "1"]
[WhiteTeam "Dallas Destiny"]
[BlackTeam "Australia Kangaroos"]
[WhiteTeamCountry "USA"]
[BlackTeamCountry "AUS"]

1. e4 c6 2. d4 d5 3. e5 Nh6 4. Bd3 c5 5. dxc5 Nc6 6. Bxh6 gxh6 7. Nf3 Qa5+ 8. Nbd2 Qxc5 9. c3 Bg7 10. Nb3 Qb6 11. Qe2 Qc7 12. 0-0 Bg4 13. h3 Bxf3 14. Qxf3 Qxe5 15. Rfe1 Qd6 16. Rad1 e6 17. Bc2 0-0 18. c4 Ne5 19. Qg3 Nxc4 20. Qd3 Rfe8 21. Qxh7+ Kf8 22. Rd3 Rac8 23. Rg3 Bf6 24. Qxh6+ Ke7 25. Rf3 Bxb2 26. Qh4+ f6 27. Qh7+ Kd8 28. Rg3 Re7 29. Qd3 Kc7 30. Nd4 Kb8 31. Bb3 Qb6 32. Nf5 Rec7 33. Ng7 Be5 34. Rg6 Nb2 35. Qe2 Rc1 36. g3 Nd3 37. Rxc1 Rxc1+ 38. Kg2 Ne1+ 39. Kh2 Qd4 40. Nh5 Qe4 41. Rg8+ Kc7 42. Rg7+ Kd6 43. Qxe4 dxe4 44. h4 Nf3+ 45. Kg2 Rg1+ 46. Kh3 f5 47. Rxb7 Rh1+ 48. Kg2 Rg1+ 49. Kh3 Rh1+ 50. Kg2 Rg1+ 51. Kh3 Rh1+ 52. Kg2 Rg1+ 53. Kh3 Rh1+ 54. Kg2 1/2-1/2

[Event "Melbourne Canterbury op"]
[Site "Melbourne"]
[Date "2014.12.29"]
[Round "6"]
[White "Matheson, Laurence"]
[Black "Loh, Zachary"]
[Result "1-0"]
[WhiteElo "2213"]
[BlackElo "2075"]
[PlyCount "101"]
[EventDate "2014.12.27"]
[EventType "swiss"]
[EventRounds "7"]
[EventCountry "AUS"]
[SourceTitle "CBM 164 Extra"]
[Source "ChessBase"]
[SourceDate "2015.03.02"]
[SourceVersion "1"]
[SourceVersionDate "2015.03.02"]
[SourceQuality "1"]

1. e4 d5 2. exd5 Nf6 3. Nf3 Nxd5 4. b3 Nc6 5. Bb2 Bg4 6. h3 Bh5 7. Nc3 e6 8. Bb5 Be7 9. g4 Bg6 10. Ne5 Qd6 11. Nxg6 hxg6 12. Ne4 Qf4 13. Bxc6+ bxc6 14. Qe2 Nf6 15. Ng3 Bd6 16. 0-0-0 a5 17. a4 0-0 18. Kb1 c5 19. d4 cxd4 20. Rxd4 Qe5 21. Qf3 c5 22. Rd3 Qf4 23. Bxf6 gxf6 24. Ne4 Qxf3 25. Rxf3 Be7 26. Nxf6+ Bxf6 27. Rxf6 Rfd8 28. Kc1 c4 29. bxc4 Rab8 30. c3 Rb3 31. Kc2 Rdb8 32. c5 Rb2+ 33. Kd3 Ra2 34. Rf4 g5 35. Rc4 Rxf2 36. c6 Rf4 37. Rc5 Kf8 38. c7 Rc8 39. Rb1 Ke7 40. Rb7 Rxa4 41. Rxg5 Kd6 42. h4 e5 43. h5 Kc6 44. Rb8 Rxc7 45. h6 Rd7+ 46. Ke3 e4 47. h7 Rd3+ 48. Kf4 e3+ 49. Kf3 Ra2 50. h8Q e2+ 51. Kf2 1-0

[Event "Melbourne Canterbury op"]
[Site "Melbourne"]
[Date "2014.12.27"]
[Round "2"]
[White "Matheson, Laurence"]
[Black "Chew, Jason"]
[Result "1-0"]
[WhiteElo "2213"]
[BlackElo "1841"]
[PlyCount "65"]
[EventDate "2014.12.27"]
[EventType "swiss"]
[EventRounds "7"]
[EventCountry "AUS"]
[SourceTitle "CBM 164 Extra"]
[Source "ChessBase"]
[SourceDate "2015.03.02"]
[SourceVersion "1"]
[SourceVersionDate "2015.03.02"]
[SourceQuality "1"]

1. e4 c5 2. Nf3 Nc6 3. g3 e6 4. d3 d6 5. Bg2 g6 6. 0-0 Bg7 7. c3 Nge7 8. Nbd2 0-0 9. h4 Rb8 10. Re1 b5 11. Nf1 a5 12. h5 a4 13. d4 cxd4 14. cxd4 e5 15. h6 Bh8 16. Be3 Na5 17. b3 a3 18. Rc1 Bb7 19. dxe5 Bxe4 20. exd6 Nec6 21. Bc5 Bf5 22. Ne3 Be6 23. Nd5 Bxd5 24. Qxd5 Qd7 25. Ng5 Rfe8 26. b4 Bb2 27. Rcd1 Rxe1+ 28. Rxe1 Bc3 29. Re7 Qf5 30. Rxf7 Qxd5 31. Bxd5 Nxb4 32. Rg7+ Kf8 33. d7# 1-0

[Event "World ol U16 11th"]
[Site "Istanbul"]
[Date "2012.09.01"]
[Round "6.3"]
[White "Matheson, Laurence"]
[Black "Meredow, Shanepes"]
[Result "1-0"]
[WhiteElo "2140"]
[BlackElo "1939"]
[PlyCount "23"]
[EventDate "2012.08.29"]
[EventType "team-swiss"]
[EventRounds "10"]
[EventCountry "TUR"]
[SourceTitle "CBM 150 Extra"]
[Source "ChessBase"]
[SourceDate "2012.10.19"]
[SourceVersion "1"]
[SourceVersionDate "2012.10.19"]
[SourceQuality "1"]
[WhiteTeam "Australia (U16)"]
[BlackTeam "Turkmenistan (U16)"]
[WhiteTeamCountry "AUS"]
[BlackTeamCountry "TKM"]

1. d4 d5 2. c4 e6 3. Nc3 Nf6 4. cxd5 exd5 5. Bg5 c6 6. Qc2 Be7 7. e3 Bg4 8. Bd3 Nbd7 9. Nge2 Rc8 10. 0-0 Qc7 11. Qd2 Qd8 12. Qc2 1-0

[Event "World ol U16 11th"]
[Site "Istanbul"]
[Date "2012.08.30"]
[Round "3.12"]
[White "Lorparizangeneh, Shahin"]
[Black "Matheson, Laurence"]
[Result "1-0"]
[WhiteElo "2201"]
[BlackElo "2140"]
[PlyCount "107"]
[EventDate "2012.08.29"]
[EventType "team-swiss"]
[EventRounds "10"]
[EventCountry "TUR"]
[SourceTitle "CBM 150 Extra"]
[Source "ChessBase"]
[SourceDate "2012.10.19"]
[SourceVersion "1"]
[SourceVersionDate "2012.10.19"]
[SourceQuality "1"]
[WhiteTeam "Iran (U16)"]
[BlackTeam "Australia (U16)"]
[WhiteTeamCountry "IRI"]
[BlackTeamCountry "AUS"]

1. d4 Nf6 2. c4 c5 3. d5 e6 4. Nc3 exd5 5. cxd5 d6 6. e4 g6 7. Nf3 Bg7 8. h3 a6 9. a4 Nbd7 10. Bd3 Nh5 11. 0-0 Ne5 12. Be2 Nxf3+ 13. Bxf3 Qh4 14. Bxh5 gxh5 15. Ne2 Rg8 16. Ra3 Be5 17. Qd3 c4 18. Qe3 c3 19. Kh1 cxb2 20. Bd2 Bg4 21. f4 Bh8 22. Rb3 Bxe2 23. Qxe2 Rg3 24. Qc4 Rxb3 25. Qxb3 0-0-0 26. Bc3 Bxc3 27. Qxc3+ Kb8 28. Qxb2 Qg3 29. Rb1 Rd7 30. Qh8+ Ka7 31. Qd4+ Kb8 32. Qh8+ Ka7 33. Qd4+ Kb8 34. e5 Qg6 35. Rb6 Qg7 36. a5 dxe5 37. fxe5 Re7 38. Rd6 Re8 39. Rd7 Rc8 40. Qb2 Rc7 41. Rxc7 Kxc7 42. Qb6+ Kb8 43. Qd8+ Ka7 44. Qb6+ Ka8 45. Qd8+ Ka7 46. Qb6+ Ka8 47. Qe3 Qh8 48. e6 fxe6 49. dxe6 Kb8 50. e7 Qe8 51. Qc5 h4 52. Kg1 h6 53. Kh1 Qh8 54. Qd6+ 1-0

[Event "Doeberl Cup 50th"]
[Site "Canberra"]
[Date "2012.04.07"]
[Round "5"]
[White "Morris, James"]
[Black "Matheson, Laurence"]
[Result "1/2-1/2"]
[WhiteElo "2354"]
[BlackElo "2141"]
[PlyCount "89"]
[EventDate "2012.04.05"]
[EventType "swiss"]
[EventRounds "9"]
[EventCountry "AUS"]
[SourceTitle "CBM 147 Extra"]
[Source "ChessBase"]
[SourceDate "2012.04.24"]
[SourceVersion "1"]
[SourceVersionDate "2012.04.24"]
[SourceQuality "1"]

1. c4 Nf6 2. Nc3 c5 3. g3 d5 4. cxd5 Nxd5 5. Bg2 Nc7 6. Nf3 Nc6 7. 0-0 e5 8. d3 Be7 9. Be3 0-0 10. Nd2 Bd7 11. a4 Ne6 12. Nc4 f6 13. a5 Rb8 14. Qb3 Ncd4 15. Bxd4 Nxd4 16. Qd1 Bc6 17. e3 Bxg2 18. Kxg2 Nc6 19. Qb3 Kh8 20. Rfd1 Qe8 21. a6 bxa6 22. Qa4 Nb4 23. Qxe8 Rfxe8 24. Kf3 Red8 25. Ke2 Rd7 26. Na2 Nc6 27. Nc1 Nb4 28. Ra3 Rbd8 29. Rd2 Rc7 30. Na2 Rc6 31. Rd1 Kg8 32. Ra4 Nd5 33. Ra1 Kf7 34. e4 Nc7 35. Nc3 Ke8 36. Kd2 Rd4 37. Kc2 Kd8 38. f4 exf4 39. gxf4 Kc8 40. Rg1 g6 41. Raa1 f5 42. Ne2 fxe4 43. Nxd4 cxd4 44. b3 e3 45. Raf1 1/2-1/2

[Event "Doeberl Cup 50th"]
[Site "Canberra"]
[Date "2012.04.06"]
[Round "4"]
[White "Matheson, Laurence"]
[Black "Ly, Moulthun"]
[Result "1-0"]
[WhiteElo "2141"]
[BlackElo "2402"]
[PlyCount "77"]
[EventDate "2012.04.05"]
[EventType "swiss"]
[EventRounds "9"]
[EventCountry "AUS"]
[SourceTitle "CBM 147 Extra"]
[Source "ChessBase"]
[SourceDate "2012.04.24"]
[SourceVersion "1"]
[SourceVersionDate "2012.04.24"]
[SourceQuality "1"]

1. d4 Nf6 2. c4 g6 3. f3 Bg7 4. e4 d6 5. Ne2 0-0 6. Be3 Nbd7 7. Qd2 c5 8. d5 Ne5 9. Ng3 e6 10. Nc3 a6 11. a4 exd5 12. cxd5 Nh5 13. Nxh5 gxh5 14. Be2 f5 15. 0-0 Qf6 16. f4 Ng4 17. e5 dxe5 18. Bxc5 e4 19. h3 Bd7 20. hxg4 hxg4 21. Qe1 Rac8 22. Be3 h5 23. Rd1 Qd6 24. g3 Qb4 25. Qd2 Bxa4 26. Nxa4 Qxa4 27. Rc1 Qb3 28. d6 b5 29. Rxc8 Rxc8 30. d7 Rd8 31. Kg2 h4 32. Rd1 Kh7 33. Rh1 h3+ 34. Kh2 Qe6 35. Rd1 Kg6 36. Qd6 Kf7 37. Bb6 Qxd6 38. Rxd6 Ke7 39. Rg6 1-0

[Event "Begonia op 46th"]
[Site "Ballarat"]
[Date "2012.03.12"]
[Round "7"]
[White "Matheson, Laurence"]
[Black "Davis, Tony J"]
[Result "1-0"]
[WhiteElo "2141"]
[BlackElo "1954"]
[PlyCount "67"]
[EventDate "2012.03.10"]
[EventType "swiss"]
[EventRounds "7"]
[EventCountry "AUS"]
[SourceTitle "EXT 2019"]
[Source "ChessBase"]
[SourceDate "2018.10.10"]
[SourceVersion "1"]
[SourceVersionDate "2018.10.10"]
[SourceQuality "1"]

1. a3 g6 2. c4 Bg7 3. Nc3 Nf6 4. Nf3 0-0 5. e3 c5 6. Be2 Nc6 7. d4 cxd4 8. exd4 d5 9. c5 Ne4 10. 0-0 Nxc3 11. bxc3 e5 12. Be3 e4 13. Ne1 Qe7 14. Bf4 Re8 15. Bd6 Qg5 16. Nc2 Ne7 17. f4 Qh4 18. Bxe7 Rxe7 19. Ne3 Be6 20. Rb1 f5 21. Qb3 Rd7 22. Rbd1 Qd8 23. Bb5 Rc7 24. Kh1 Kh8 25. c4 a6 26. cxd5 axb5 27. dxe6 Qe7 28. g4 fxg4 29. f5 gxf5 30. Nxf5 Qg5 31. Qg3 Rc6 32. d5 Rxc5 33. Nd6 Kg8 34. Nxe4 1-0

[Event "Begonia op 46th"]
[Site "Ballarat"]
[Date "2012.03.11"]
[Round "3"]
[White "Matheson, Laurence"]
[Black "Cameron, Alistair"]
[Result "0-1"]
[WhiteElo "2141"]
[BlackElo "1988"]
[PlyCount "68"]
[EventDate "2012.03.10"]
[EventType "swiss"]
[EventRounds "7"]
[EventCountry "AUS"]
[SourceTitle "EXT 2019"]
[Source "ChessBase"]
[SourceDate "2018.10.10"]
[SourceVersion "1"]
[SourceVersionDate "2018.10.10"]
[SourceQuality "1"]

1. d4 Nf6 2. c4 c5 3. d5 b5 4. cxb5 a6 5. e3 Bb7 6. Nc3 axb5 7. Bxb5 Qa5 8. Bd2 Qb6 9. Nf3 Nxd5 10. Nxd5 Bxd5 11. a4 e6 12. Bc3 Bd6 13. Nd2 Qb7 14. f3 Qc7 15. g3 Be5 16. e4 Bxc3 17. bxc3 Bc6 18. 0-0 0-0 19. Qe2 d5 20. f4 Nd7 21. Qg2 Bb7 22. Bd3 Qa5 23. Rfe1 c4 24. Bb1 Nc5 25. e5 Nxa4 26. Nf3 Qb6+ 27. Kh1 Nxc3 28. Bxh7+ Kxh7 29. Qh3+ Kg8 30. Ng5 d4+ 31. Kg1 Be4 32. Rxa8 Rxa8 33. Qh5 Bg6 34. Qf3 Ra2 0-1

[Event "Queenstown op"]
[Site "Queenstown"]
[Date "2012.01.20"]
[Round "6"]
[White "Matheson, Laurence"]
[Black "King, Mathew"]
[Result "1/2-1/2"]
[WhiteElo "2167"]
[BlackElo "1961"]
[PlyCount "53"]
[EventDate "2012.01.15"]
[EventType "swiss"]
[EventRounds "9"]
[EventCountry "NZL"]
[SourceTitle "CBM 146 Extra"]
[Source "ChessBase"]
[SourceDate "2012.02.29"]
[SourceVersion "1"]
[SourceVersionDate "2012.02.29"]
[SourceQuality "1"]

1. d4 Nf6 2. c4 g6 3. f3 Bg7 4. e4 d6 5. Ne2 0-0 6. Be3 Nc6 7. Qd2 a6 8. Na3 e5 9. d5 Nb8 10. c5 Nh5 11. cxd6 Qxd6 12. Rc1 f5 13. Bc5 Qd8 14. Bxf8 Bxf8 15. Nc4 fxe4 16. d6 Nc6 17. Qd5+ Kh8 18. Nxe5 Nxe5 19. Qxe5+ Bg7 20. Qe7 Qxd6 21. Rxc7 Qxe7 22. Rxe7 Bxb2 23. fxe4 Ba3 24. Rc7 Bd6 25. Rc2 Bd7 26. Nd4 Re8 27. Nb3 1/2-1/2

[Event "AUS-ch Major"]
[Site "Geelong"]
[Date "2012.01.07"]
[Round "10"]
[White "Chen, Pengyu"]
[Black "Matheson, Laurence"]
[Result "1/2-1/2"]
[WhiteElo "2094"]
[BlackElo "2126"]
[PlyCount "51"]
[EventDate "2011.12.27"]
[EventType "swiss"]
[EventRounds "11"]
[EventCountry "AUS"]
[SourceTitle "CBM 146 Extra"]
[Source "ChessBase"]
[SourceDate "2012.02.29"]
[SourceVersion "1"]
[SourceVersionDate "2012.02.29"]
[SourceQuality "1"]

1. d4 Nf6 2. c4 e6 3. Nc3 c5 4. d5 exd5 5. cxd5 d6 6. e4 g6 7. f4 Nfd7 8. Nf3 Bg7 9. Bd3 0-0 10. 0-0 a6 11. a4 Qc7 12. Qe1 Re8 13. f5 Ne5 14. Bc2 Nbd7 15. Qh4 Qd8 16. Qg3 Nxf3+ 17. Qxf3 Ne5 18. Qg3 Kh8 19. Bg5 f6 20. Bf4 g5 21. Bxe5 Rxe5 22. Bd3 Bd7 23. Bc4 Rb8 24. a5 Bf8 25. h4 Bh6 26. b3 1/2-1/2

[Event "AUS-ch Major"]
[Site "Geelong"]
[Date "2011.12.29"]
[Round "3"]
[White "Ikeda, Junta"]
[Black "Matheson, Laurence"]
[Result "1-0"]
[WhiteElo "2349"]
[BlackElo "2126"]
[PlyCount "61"]
[EventDate "2011.12.27"]
[EventType "swiss"]
[EventRounds "11"]
[EventCountry "AUS"]
[SourceTitle "CBM 146 Extra"]
[Source "ChessBase"]
[SourceDate "2012.02.29"]
[SourceVersion "1"]
[SourceVersionDate "2012.02.29"]
[SourceQuality "1"]

1. c4 Nf6 2. Nc3 c5 3. Nf3 d5 4. cxd5 Nxd5 5. g3 Nc6 6. Bg2 Nc7 7. d3 e5 8. 0-0 Be7 9. Nd2 Bd7 10. f4 exf4 11. gxf4 0-0 12. f5 Nd4 13. e4 g6 14. Nf3 Nxf3+ 15. Qxf3 Bg5 16. Bf4 Bxf4 17. Qxf4 gxf5 18. Bh3 Kh8 19. Bxf5 Bxf5 20. Qxf5 f6 21. Qxc5 b6 22. Qe3 b5 23. Kh1 b4 24. Ne2 Qd7 25. Nf4 f5 26. Rg1 fxe4 27. dxe4 Rae8 28. Raf1 Rf7 29. Ng6+ hxg6 30. Qh6+ Rh7 31. Rf8+ 1-0

[Event "AUS-ch U18"]
[Site "Mooroolbark"]
[Date "2011.01.21"]
[Round "7"]
[White "Wang, Oscar Miao"]
[Black "Matheson, Laurence"]
[Result "0-1"]
[WhiteElo "1801"]
[BlackElo "2043"]
[PlyCount "50"]
[EventDate "2011.01.15"]
[EventType "swiss"]
[EventRounds "9"]
[EventCountry "AUS"]
[SourceTitle "EXT 2013"]
[Source "ChessBase"]
[SourceDate "2012.11.22"]
[SourceVersion "1"]
[SourceVersionDate "2012.11.22"]
[SourceQuality "1"]

1. e4 c5 2. Nf3 d6 3. d4 Nf6 4. Nc3 cxd4 5. Qxd4 a6 6. Nd5 Nfd7 7. c4 Nc6 8. Qd2 Nc5 9. Nc3 g6 10. Bd3 Bg7 11. 0-0 0-0 12. Re1 Bg4 13. Bc2 Bxf3 14. gxf3 Nd4 15. Bd1 f5 16. f4 fxe4 17. Nxe4 Nce6 18. Qd3 Nxf4 19. Bxf4 Rxf4 20. Rb1 e5 21. Ng3 Qh4 22. b4 Rxf2 23. Kxf2 Qxh2+ 24. Ke3 Qxg3+ 25. Kd2 Bh6+ 0-1

[Event "AUS-ch U18"]
[Site "Mooroolbark"]
[Date "2011.01.16"]
[Round "3"]
[White "Tan, Justin Hy"]
[Black "Matheson, Laurence"]
[Result "1-0"]
[WhiteElo "2067"]
[BlackElo "2043"]
[PlyCount "53"]
[EventDate "2011.01.15"]
[EventType "swiss"]
[EventRounds "9"]
[EventCountry "AUS"]
[SourceTitle "EXT 2013"]
[Source "ChessBase"]
[SourceDate "2012.11.22"]
[SourceVersion "1"]
[SourceVersionDate "2012.11.22"]
[SourceQuality "1"]

1. e4 c5 2. Nf3 d6 3. d4 cxd4 4. Nxd4 Nf6 5. Nc3 a6 6. Be3 e5 7. Nb3 Be6 8. f3 Nbd7 9. Qd2 b5 10. 0-0-0 Rc8 11. g4 Nb6 12. Qf2 Nc4 13. Bxc4 Rxc4 14. Nc5 Qc8 15. Nxe6 fxe6 16. g5 Nd7 17. g6 hxg6 18. Qg3 Nf6 19. Qxg6+ Ke7 20. Kb1 b4 21. Na4 Rxc2 22. Nb6 Qc6 23. Rc1 Rxc1+ 24. Rxc1 Qb7 25. Nc8+ Kd8 26. Bb6+ Kd7 27. Qf7+ 1-0

[Event "AUS-ch"]
[Site "Sydney"]
[Date "2010.01.08"]
[Round "6"]
[White "Pyke, Malcolm"]
[Black "Matheson, Laurence"]
[Result "0-1"]
[WhiteElo "2164"]
[BlackElo "2048"]
[PlyCount "114"]
[EventDate "2010.01.02"]
[EventType "swiss"]
[EventRounds "11"]
[EventCountry "AUS"]
[SourceTitle "CBM 134 Extra"]
[Source "ChessBase"]
[SourceDate "2010.03.03"]
[SourceVersion "1"]
[SourceVersionDate "2010.03.03"]
[SourceQuality "1"]

1. c4 e5 2. Nc3 Bb4 3. Qc2 Nf6 4. Nf3 Nc6 5. e3 0-0 6. Be2 Re8 7. d3 e4 8. dxe4 Nxe4 9. Bd2 Nxd2 10. Qxd2 Qf6 11. Rc1 d6 12. 0-0 Bxc3 13. Rxc3 b6 14. Nd4 Nxd4 15. exd4 Bf5 16. Re3 Rxe3 17. fxe3 Qg6 18. Bf3 Be4 19. Bxe4 Qxe4 20. Qf2 f6 21. Qf3 Re8 22. Qxe4 Rxe4 23. Kf2 c5 24. Rd1 Kf8 25. Rd3 Ke8 26. Kf3 Re7 27. a3 f5 28. b3 Re4 29. h3 h5 30. dxc5 dxc5 31. Rd5 g6 32. Rd6 Kf7 33. Rd7+ Re7 34. Rxe7+ Kxe7 35. Kf4 Kf6 36. h4 Ke6 37. Kg5 Kf7 38. Kh6 Kf6 39. g3 a6 40. Kh7 Kf7 41. Kh6 Kf6 42. b4 cxb4 43. axb4 Ke6 44. Kxg6 a5 45. c5 a4 46. cxb6 Kd6 47. Kxf5 a3 48. e4 Kc6 49. e5 a2 50. b5+ Kxb6 51. e6 a1Q 52. Kg6 Qe5 53. Kf7 Qf5+ 54. Ke7 Kxb5 55. Kd6 Qd3+ 56. Kc7 Qxg3+ 57. Kd7 Qxh4 0-1